000 01003cam a22003257a 4500
003 CHAP
005 20220329135231.0
008 971013s r 00010 d
010 _a33031
011 _a34003
035 _a38119
040 _cCHAP
082 _a637.1
_bL68
100 0 0 _aLowe, L. T.
_968671
245 1 4 _aThe students handbook of the science of milk and milk products
260 _aWorcester :
_bLittlebury,
_c(s.a.)
300 _a175 p.
_b: ilus.
590 _aBATCH-UPD
_b10
_c20130110
_lUCH01
_h0903
590 _aBATCH-UPD
_b10
_c20130410
_lUCH01
_h0531
590 _aBATCH-UPD
_b10
_c20130914
_lUCH01
_h1628
590 _aCONVERSION
_b10
_c20130109
_lUCH01
_h1319
650 1 4 _aLeche.
_965357
650 1 4 _aLeche
_xAnálisis.
_965359
650 1 4 _aProductos lácteos.
_992124
700 0 _aGoldie, J. M.
_948554
901 _aBK
942 _cLIBRO
949 _a637.1 L68
_bBC
_cBPA
_d-87182
_eBPA
_h24741
_i38119
_si
949 _a637.1 L68
_bBC
_cBPA
_d-87183
_eBPA
_fc.2
_h24742
_i38119
_si
999 _c33031
_d33031